|
|
|
|
| LEADER |
01364nam a2200361Ia 4500 |
| 001 |
EBC448760 |
| 003 |
MiAaPQ |
| 005 |
20200520144314.0 |
| 006 |
m o d | |
| 007 |
cr cn||||||||| |
| 008 |
050717s2005 ne a sb 000 0 eng d |
| 035 |
|
|
|a (MiAaPQ)EBC448760
|
| 035 |
|
|
|a (Au-PeEL)EBL448760
|
| 035 |
|
|
|a (CaPaEBR)ebr10309241
|
| 035 |
|
|
|a (CaONFJC)MIL577662
|
| 035 |
|
|
|a (OCoLC)781291080
|
| 040 |
|
|
|a MiAaPQ
|c MiAaPQ
|d MiAaPQ
|
| 050 |
|
4 |
|a HD7287.82.E85
|b H66 2005
|
| 245 |
0 |
0 |
|a Home ownership
|h [electronic resource] :
|b getting in, getting from, getting out /
|c Peter Boelhouwer, John Doling, Marja Elsinga (eds.).
|
| 260 |
|
|
|a Delft :
|b DUP Science,
|c c2005.
|
| 300 |
|
|
|a 271 p. :
|b ill.
|
| 490 |
1 |
|
|a Housing and urban policy studies,
|x 0926-6240 ;
|v 29
|
| 504 |
|
|
|a Includes bibliographical references.
|
| 533 |
|
|
|a Electronic reproduction. Ann Arbor, MI : ProQuest, 2015. Available via World Wide Web. Access may be limited to ProQuest affiliated libraries.
|
| 650 |
|
0 |
|a Home ownership
|z Europe.
|
| 650 |
|
0 |
|a Housing
|z Europe.
|
| 655 |
|
4 |
|a Electronic books.
|
| 700 |
1 |
|
|a Boelhouwer, P. J.
|
| 700 |
1 |
|
|a Doling, J. F.
|
| 700 |
1 |
|
|a Elsinga, Marja.
|
| 710 |
2 |
|
|a ProQuest (Firm)
|
| 830 |
|
0 |
|a Housing and urban policy studies ;
|v 29.
|
| 856 |
4 |
0 |
|u https://ebookcentral.proquest.com/lib/matrademy/detail.action?docID=448760
|z Click to View
|